[Event "Alushta1"]
[Site "Alushta"]
[Date "1994.??.??"]
[Round "9"]
[White "Tosic, Miroslav"]
[Black "Lempert, Igor"]
[Result "1/2-1/2"]
[WhiteElo "2445"]
[BlackElo "2495"]
[Annotator "Knaak,R"]
[PlyCount "81"]
[EventDate "1994.01.??"]
[EventType "tourn"]
[EventRounds "9"]
[EventCountry "UKR"]
[EventCategory "8"]
[SourceTitle "CBM 040"]
[Source "ChessBase"]
[SourceDate "1994.06.01"]
[SourceVersion "1"]
[SourceVersionDate "1994.06.01"]
[SourceQuality "1"]

1. d4 e6 2. e4 d5 3. Nc3 Nf6 4. e5 Nfd7 5. f4 c5 6. Nf3 Nc6 7. Be3 cxd4 8. Nxd4
Bc5 9. Qd2 O-O 10. O-O-O a6 11. Kb1 Nxd4 12. Bxd4 b5 13. h4 b4 $6 (13... Bb7) (
13... Qc7) 14. Na4 Bxd4 15. Qxd4 $14 a5 16. h5 $6 (16. Bb5 $5) (16. Rh3 $5)
16... Ba6 17. f5 $2 {>< Pe5} Qc7 $17 18. h6 Rfc8 19. Bxa6 (19. Rd2 Bxf1 20.
Rxf1 Qxe5 21. Qxe5 Nxe5 22. Re2 (22. Nb6 Nc4 23. Nxc4 Rxc4 $17) 22... Nc4 23.
b3 Na3+ 24. Kb2 Ra6 $17) 19... Qxc2+ 20. Ka1 Rxa6 21. Qg4 (21. fxe6 $5 Rxe6 22.
Qxd5 Nxe5 (22... Qxa4 23. b3 $1) 23. Qxa5 $17) 21... g6 22. fxg6 Qxg6 $19 23.
Qf4 Rac6 24. b3 Rc2 25. g4 f6 $1 26. exf6 Qxf6+ 27. Qxf6 Nxf6 28. Kb1 Ne4 29.
Rhg1 Rh2 30. g5 Nc3+ $1 (30... Rcc2 31. g6 $2 (31. Rc1 $1) 31... Nc3+ 32. Nxc3
Rb2+ 33. Ka1 bxc3 $19) 31. Nxc3 bxc3 32. Rdf1 d4 33. g6 d3 34. gxh7+ Kh8 35.
Rc1 c2+ 36. Kb2 d2 37. Rg8+ (37. Rxc2 $19 d1=N+) 37... Rxg8 $2 (37... Kxh7 38.
Rxc8 d1=Q $19) 38. hxg8=Q+ Kxg8 39. Rg1+ Kh7 40. Kxc2 Kxh6 41. Rg8 1/2-1/2

[Event "NED-ch51"]
[Site "Amsterdam"]
[Date "1996.06.15"]
[Round "8"]
[White "Nijboer, Friso"]
[Black "Kuijf, Marinus"]
[Result "1-0"]
[WhiteElo "2475"]
[BlackElo "2470"]
[Annotator "Knaak,R"]
[PlyCount "79"]
[EventDate "1996.06.07"]
[EventType "tourn"]
[EventRounds "11"]
[EventCountry "NED"]
[EventCategory "11"]
[SourceTitle "CBM 054"]
[Source "ChessBase"]
[SourceDate "1996.10.01"]
[SourceVersion "1"]
[SourceVersionDate "1996.10.01"]
[SourceQuality "1"]

1. e4 e6 2. d4 d5 3. Nc3 Nf6 4. e5 Nfd7 5. f4 c5 6. Nf3 Nc6 7. Be3 a6 8. Qd2 b5
9. dxc5 {Das ist zwar mit Abstand der beliebteste Zug, aber rein statistisch
fährt man mit 9.g3, 9.h4, 9.Qf2, 9.Bd3 und 9.Be2 viel besser.} Bxc5 10. Bxc5
Nxc5 11. Qf2 Qb6 12. Bd3 b4 {Dagegen hat sich 12...Rb8 nicht bewährt.} 13. Ne2
a5 14. O-O Ba6 15. Kh1 Ne7 16. h3 $5 (16. Ng3 $1 g6 17. Ne2) 16... h6 17. Rad1
O-O 18. g4 Na4 19. Qxb6 Nxb6 20. b3 Nd7 21. Kh2 Rfc8 22. Ned4 Nc6 23. Nb5 Bxb5
24. Bxb5 Rab8 25. Bd3 Nc5 26. Rd2 Nxd3 27. cxd3 Na7 28. g5 hxg5 29. fxg5 g6 30.
h4 Nb5 $6 (30... Kg7 $1 $15 31. Rdf2 Rc3 32. Nd4 Rb7 33. Rf3 Nc6 34. Nxc6 Rxc6)
31. h5 $1 gxh5 32. g6 fxg6 $2 {Danach kippt die Partie endgültig: Schwarz muß
ums Remis kämpfen.} (32... Rf8 $1 33. g7 Rfc8) 33. Rg2 Rb7 (33... Kg7 34. Nh4 (
34. Ng5 Kh6 35. Nxe6 Rg8 36. Rf6) 34... Rf8 35. Rxg6+ Kh7 36. Rfg1 $14) 34.
Rxg6+ Rg7 35. Rxe6 $16 Rc2+ 36. Kh3 Nc3 37. Rf6 Re2 38. e6 Re3 $2 39. Kh4 Ne2
40. Ng5 (40. Ng5 Kh8 41. Nf7+ Kg8 42. Nh6+ Kh7 43. Nf5 $18) 1-0

[Event "Altensteig"]
[Site "Altensteig"]
[Date "1990.??.??"]
[Round "8"]
[White "Luther, Thomas"]
[Black "Mohr, Stefan"]
[Result "1-0"]
[WhiteElo "2385"]
[BlackElo "2430"]
[Annotator "Knaak,R"]
[PlyCount "77"]
[EventDate "1990.07.??"]
[EventType "tourn"]
[EventRounds "11"]
[EventCountry "GER"]
[EventCategory "9"]
[SourceTitle "CBM 020"]
[Source "ChessBase"]
[SourceDate "1991.02.01"]
[SourceVersion "1"]
[SourceVersionDate "1991.02.01"]
[SourceQuality "1"]

1. e4 e6 2. d4 d5 3. Nc3 Nf6 4. e5 Nfd7 5. f4 c5 6. Nf3 Nc6 7. Be3 cxd4 8. Nxd4
Bc5 9. Qd2 O-O 10. O-O-O a6 11. Nce2 Qc7 12. h4 Na5 (12... b5 13. Nxc6 Qxc6 14.
Nd4 {N; 14.Rh3 Dokhoian-Nunn/Wijk-A/1990/CBM17} Qc7 15. Nf3 b4 16. Ng5 Re8 17.
Rh3 Re7 18. Bd3 h6 19. Nf3 (19. Rg3 $5) 19... a5 $15 {Luther-Knaak/Berlin op/
1990}) 13. b3 b5 14. Kb1 Rb8 15. Ka1 Nc6 (15... b4 $5 {Mohr,S} 16. Ng1 {
/\ Nf3, Ng5 Luther}) 16. Nxc6 Qxc6 17. Nd4 Qc7 18. Bd3 (18. Nf3 $1 {Luther}
Bxe3 19. Qxe3 Qxc2 20. Bd3 Qc5 21. Bxh7+ $1 (21. Qe2 f6 $1) 21... Kxh7 22. Qd3+
Kg8 23. Ng5 Re8 24. Qh7+ Kf8 25. Qh5 $1 $18) 18... Qb6 19. Kb1 b4 20. Qe2 Kh8
21. Qh5 h6 22. Be2 a5 23. g4 Ba6 24. g5 Bxe2 25. Qxe2 a4 26. gxh6 g6 27. h5 Kh7
28. Rh3 Bxd4 29. Bxd4 Qc6 30. Rg1 Rg8 31. f5 exf5 32. e6 Rbe8 33. exf7 Rxe2 34.
fxg8=Q+ Kxg8 35. h7+ Kf7 36. hxg6+ Ke6 37. Re3+ Rxe3 38. Bxe3 Qc3 39. g7 1-0

[Event "Bayamo"]
[Site "Bayamo"]
[Date "1990.??.??"]
[Round "1"]
[White "Herrera, Irisberto"]
[Black "Gomez Segura, Adalberto"]
[Result "1-0"]
[WhiteElo "2410"]
[BlackElo "2390"]
[Annotator "Knaak,R"]
[PlyCount "117"]
[EventDate "1990.04.??"]
[EventType "tourn"]
[EventRounds "13"]
[EventCountry "CUB"]
[EventCategory "8"]
[SourceTitle "CBM 018"]
[Source "ChessBase"]
[SourceDate "1990.10.01"]
[SourceVersion "1"]
[SourceVersionDate "1990.10.01"]
[SourceQuality "1"]

1. e4 e6 2. d4 d5 3. Nc3 Nf6 4. e5 Nfd7 5. f4 c5 6. Nf3 Nc6 7. Be3 a6 8. Qd2 b5
9. dxc5 Bxc5 10. Bxc5 Nxc5 11. Qf2 $1 (11. Bd3 b4 12. Ne2 $10) 11... Qb6 12.
Bd3 b4 (12... Rb8 $5 13. O-O Na4 14. Nd1 Qxf2+ 15. Rxf2 O-O {Kolev-Moskalenko/
Odessa/1989/TD89_09}) (12... Nb4 13. O-O Rb8 14. Rad1 Na4 15. Nxa4 bxa4 16.
Qxb6 Rxb6 {Sznapik-Kortschnoj/Haifa/EU-chT/TD89_12}) 13. Ne2 a5 14. O-O Ba6 15.
Kh1 Nd7 {N} (15... Bxd3 16. cxd3 Rb8 17. Rad1 O-O 18. Qh4 f6 19. Ng3 $13 {
Mokry-Bruk/Haifa/EU-chT/1989/i48/390}) 16. Ned4 Nxd4 17. Nxd4 Bxd3 18. cxd3 O-O
19. Qe3 Rac8 20. Rae1 f6 (20... Rfe8 $5) 21. exf6 Rxf6 22. g3 $14 Re8 23. Nf3
Qxe3 24. Rxe3 Rc8 25. Rfe1 Nf8 26. R3e2 h6 27. h4 Rf7 28. Kg2 Rfc7 29. Kf2 Rc1
30. Rxc1 Rxc1 31. Nd4 a4 32. Rc2 Ra1 33. b3 axb3 34. axb3 Rd1 35. Ke2 Ra1 36.
Kf2 Rd1 37. Ke2 Rg1 38. Rc8 Kf7 39. Kf2 Rd1 40. Ke2 Rg1 41. Rc7+ Kg8 42. Kf2
Rd1 43. Ke3 Re1+ 44. Kd2 Rg1 45. Ne2 Rb1 46. Nc1 Rb2+ 47. Rc2 Rxc2+ 48. Kxc2
Nh7 49. Na2 Nf6 50. Nxb4 Nh5 51. Nc6 Kf8 52. Nd4 Nxg3 53. Nxe6+ Ke7 54. Nd4 Nh5
55. Ne2 g6 56. Kc3 Kd6 57. Kd4 Ng7 58. Ng3 Ne6+ 59. Ke3 1-0

[Event "Bundesliga 9900"]
[Site "Germany"]
[Date "2000.04.09"]
[Round "15.4"]
[White "Enders, Peter"]
[Black "Knaak, Rainer"]
[Result "0-1"]
[WhiteElo "2493"]
[BlackElo "2505"]
[Annotator "Knaak,R"]
[PlyCount "84"]
[EventDate "1999.10.09"]
[EventType "team-tourn"]
[EventRounds "15"]
[EventCountry "GER"]
[SourceTitle "CBM 076"]
[Source "ChessBase"]
[SourceDate "2000.05.31"]
[SourceVersion "1"]
[SourceVersionDate "2000.05.31"]
[SourceQuality "1"]
[WhiteTeam "Passau"]
[BlackTeam "Werder Bremen"]
[WhiteTeamCountry "GER"]
[BlackTeamCountry "GER"]

1. e4 e6 2. d4 d5 3. Nc3 Nf6 4. e5 Nfd7 5. f4 c5 6. Nf3 Nc6 7. Be3 cxd4 8. Nxd4
Bc5 9. Qd2 O-O 10. O-O-O a6 11. g3 Qc7 12. Kb1 Nxd4 13. Bxd4 b5 14. Bg2 Bb7 15.
Rhe1 Bxd4 16. Qxd4 Rfc8 17. Rc1 Qa5 18. Qd2 (18. f5 Rc4 19. Qf2 Rxc3 20. fxe6
fxe6 21. bxc3 Qxc3 $44) 18... d4 $5 {[%mdl 128] Daran habe ich sehr lange
überlegt, auch deshalb, weil die Alternative völlig ausreichend ist, aber
etwas fad.} (18... Nb6 19. Ne4 Qxd2 20. Nxd2 {ergibt ein völlig ausgeglichenes
Endspiel. Auf} Nc4 {wollte er} 21. Nb3 {spielen. Nun kann Schwarz seinen Plan
mit h6 und g5 in die Tat umsetzen.}) 19. Bxb7 {Der zweite Grund für das lange
Überlegen war, dass Weiß hier eine Alternative hat:} (19. Qxd4 Bxg2 20. Qxd7
Rxc3 21. bxc3 Bd5 22. Rcd1 Qxa2+ 23. Kc1 $13) 19... dxc3 20. Qd6 $1 (20. bxc3 {
kommt in Frage.} Nb6 21. Bxc8 Rxc8 22. Rcd1 h6 23. c4 b4 $44) 20... Nc5 $1 (
20... Rc5 $6 21. Re3 $1 (21. Re4 cxb2 22. Rd1 Rf8 23. Qxd7 Rc7 24. Qd2 Qxd2 25.
Rxd2 Rxb7 $13)) (20... Rc4 $5 21. b3 $1 Rc5 (21... Rb8 22. Bc6 Rd8 23. bxc4 Nb8
24. Qc5 Nxc6) 22. Ka1 Qa3 (22... Rd8 23. Qe7 b4 24. Red1 Rf8 25. a4) 23. Rb1 b4
24. Qxc5 Nxc5 25. Bxa8 $13) 21. Bxc8 Rxc8 22. Re3 b4 23. Rd1 $1 (23. bxc3 $2
bxc3 24. Ka1 Rd8 25. Qe7 h6 $19) 23... cxb2 (23... b3 $2 24. axb3 (24. Rxc3
Qxa2+ 25. Kc1) 24... Nxb3 25. Qa3 Nd2+ 26. Ka2) (23... h6 $2 24. bxc3 $1 bxc3
25. Ka1 $16) 24. f5 $1 {Ein zweischneidiger Zug, denn Weiß erhält zwar
Angriffsziele, schwächt aber die eigene Struktur ebenfalls erheblich.} (24. Qe7
h6 $1) 24... h6 $2 {Zum Remis führte hier} (24... exf5 25. e6 (25. Rd5) 25...
Nxe6 $1 (25... fxe6 $2 26. Rxe6 b3 (26... Na4 27. Re3 $16) 27. cxb3 Nxb3 28.
Re3 $18) 26. Rxe6 b3 $3 27. cxb3 Rc1+ 28. Kxb2 (28. Rxc1 bxc1=Q+ 29. Kxc1 fxe6
30. Qxe6+ Kf8 $11) 28... Qc3+ 29. Ka3 Qa5+ $11) 25. fxe6 Nxe6 {Es droht nun 26.
..Rd8.} 26. Rf1 $2 ({Wir übersahen beide} 26. Rd5 $1 {, wonach Schwarz keinen
Ausgleich mehr hat.} Qa4 27. Rb3 Rc4 (27... Qe8 28. Qxb4 Rxc2 $5) 28. Qd7 Qxd7
29. Rxd7 $16) 26... Qa4 27. Rb3 Qb5 28. Qd3 (28. Rxf7 $5 {sollte zum Remis
führen:} Qe2 29. Rf2 $1 Qe1+ 30. Kxb2 Nc5 31. Qd5+ Kh7 32. Rbf3 Na4+ 33. Kb3
Nc5+ $11) 28... Qb7 29. Qf3 $2 {Mit diesem Zug beginnt sich die Waage
zugunsten von Schwarz zu verschieben.} ({Besser gleich} 29. Rxb2) 29... Qc7 30.
Rxb2 a5 {Jetzt wird Weiß an seinem eingeschlossenen Turm zugrunde gehen.} 31.
a3 {Es wird damit enden, dass alle Bauern am Damenflügel verschwinden und der
weiße König ganz schön nackig dasteht.} Nd4 $1 32. Qd3 Qxe5 33. axb4 axb4 34.
Rxb4 Nxc2 35. Qa6 Qc3 36. Rb2 Nb4 $2 (36... Ne3 {ist einer von mehreren Zügen,
die gewinnen sollten.}) 37. Qd6 $2 {Enders hatte auch nicht seinen Tag.} ({Nach
} 37. Qxc8+ Qxc8 38. Rxb4 {sollte die Stellung objektiv remis sein.}) 37... Nd3
38. Rb8 Qc2+ 39. Ka1 Qa4+ 40. Kb1 Qc2+ 41. Ka1 Kh7 $1 42. Qb6 (42. Rxc8 Qb2#)
42... Rc4 (42... Rc4 43. Ra8 Rb4) 0-1

[Event "London WFW"]
[Site "London"]
[Date "1990.??.??"]
[Round "?"]
[White "Hodgson, Julian M"]
[Black "Chandler, Murray G"]
[Result "1-0"]
[WhiteElo "2540"]
[BlackElo "2585"]
[Annotator "Knaak,R"]
[PlyCount "69"]
[EventDate "1990.04.??"]
[EventType "tourn"]
[EventRounds "13"]
[EventCountry "ENG"]
[EventCategory "11"]
[SourceTitle "CBM 018"]
[Source "ChessBase"]
[SourceDate "1990.10.01"]
[SourceVersion "1"]
[SourceVersionDate "1990.10.01"]
[SourceQuality "1"]

1. d4 e6 2. e4 d5 3. Nc3 Nf6 4. e5 Nfd7 5. f4 c5 6. Nf3 Nc6 7. Be3 a6 8. Qd2 b5
9. a3 Bb7 10. Qf2 $6 Qa5 $1 11. Ra2 Qb6 12. Ne2 b4 $15 13. Nd2 a5 14. Nb3 c4
15. Nd2 Ba6 (15... bxa3 $1 16. bxa3 Bxa3 $1 17. c3 Bb2 {/\ a4,a3} (17... Nb4 $5
18. cxb4 axb4 19. Nb1 b3 20. Rxa3 Rxa3 21. Nxa3 Qb4+ 22. Bd2 Qxa3 23. Nc3 b2
$17)) 16. c3 bxa3 17. bxa3 Bxa3 $1 18. g4 Be7 19. f5 Qd8 20. Bg2 Bh4 21. Ng3
O-O 22. Nf3 Rb8 23. O-O Rb3 24. Bd2 Bc8 25. f6 Bxg3 26. Qxg3 gxf6 27. exf6 Nxf6
28. Ng5 h6 29. Qh4 Nxg4 30. Qxg4 f5 31. Qh5 hxg5 32. Qg6+ Kh8 33. Bxg5 Qe8 34.
Bf6+ Rxf6 35. Qxe8+ 1-0

[Event "Vilnius zt"]
[Site "Vilnius"]
[Date "1993.??.??"]
[Round "?"]
[White "Piesina, Gintautas"]
[Black "Ruzele, Darius"]
[Result "1-0"]
[WhiteElo "2395"]
[BlackElo "2500"]
[Annotator "Knaak,R"]
[PlyCount "93"]
[EventDate "1993.03.??"]
[EventType "tourn"]
[EventRounds "13"]
[EventCountry "LTU"]
[EventCategory "8"]
[SourceTitle "CBM 035"]
[Source "ChessBase"]
[SourceDate "1993.08.01"]
[SourceVersion "1"]
[SourceVersionDate "1993.08.01"]
[SourceQuality "1"]

1. e4 e6 2. d4 d5 3. Nc3 Nf6 4. e5 Nfd7 5. f4 c5 6. Nf3 Nc6 7. Be3 cxd4 8. Nxd4
Qb6 9. Qd2 Qxb2 10. Rb1 Qa3 11. Bd3 $5 $146 (11. Bb5) 11... a6 $6 (11... Nxd4
12. Bxd4 Bb4 13. O-O $44) (11... Bb4 $5) 12. Nce2 $1 Nc5 13. O-O Be7 $6 (13...
g6) 14. Nxc6 bxc6 15. Nd4 Bd7 16. f5 $1 $14 Nxd3 17. cxd3 c5 $6 (17... exf5 18.
Nxc6 $5 (18. Rb3 Qa4 19. Nxf5 Bxf5 20. Rxf5 Qg4 $13) (18. Nxf5 Bxf5 19. Rxf5
O-O $2 20. Rb3 Qa4 21. Rf4 $18) 18... Bxc6 19. Rb3 Qa4 20. Rf4 $14) 18. fxe6
fxe6 19. Nc2 $1 Qxa2 (19... Qa4 $5 20. Bg5 Qg4 21. Bxe7 Kxe7 22. d4 Rhc8 23.
Rb3 $16) 20. Bg5 $3 $16 Bd8 (20... Bxg5 21. Qxg5 Qxc2 {game}) (20... h6 21.
Bxe7 Kxe7 22. Qf2 $16) 21. Qf4 Bxg5 22. Qxg5 Qxc2 23. Qxg7 O-O-O 24. Rfc1 Qxb1
(24... Rhg8 25. Rxc2 Rxg7 26. Rxc5+ Bc6 27. Rxc6+ Rc7 28. Rxe6 $16) 25. Rxb1
Bb5 26. Qe7 Rhe8 27. Qxh7 $18 {o^ h2, g2} c4 28. d4 Rd7 29. Qg6 Ree7 30. h4 Rc7
31. h5 c3 32. Rc1 Be8 33. Qd3 Bb5 34. Qe3 c2 35. Qb3 Rh7 36. Rxc2 Bc4 (36...
Rxh5 37. Rxc7+ Kxc7 38. Qa3 Bd7 39. g4 $18) 37. Qf3 $18 Rcf7 38. Qg4 Kd7 39.
Rxc4 dxc4 40. d5 Re7 41. d6 Re8 42. Qxc4 Rc8 43. Qe4 Rc1+ 44. Kf2 Rf7+ 45. Kg3
Rc3+ 46. Kh2 Rb3 47. Qa4+ 1-0

[Event "Moscow Alekhine op"]
[Site "Moscow"]
[Date "1992.??.??"]
[Round "?"]
[White "Novik, Maxim"]
[Black "Gleizerov, Evgeny"]
[Result "1/2-1/2"]
[WhiteElo "2430"]
[BlackElo "2540"]
[Annotator "Knaak,R"]
[PlyCount "113"]
[EventDate "1992.10.??"]
[EventType "swiss"]
[EventRounds "9"]
[EventCountry "RUS"]
[SourceTitle "CBM 033"]
[Source "ChessBase"]
[SourceDate "1993.04.01"]
[SourceVersion "1"]
[SourceVersionDate "1993.04.01"]
[SourceQuality "1"]

1. e4 e6 2. d4 d5 3. Nc3 Nf6 4. e5 Nfd7 5. f4 c5 6. Nf3 Nc6 7. Be3 a6 8. Qd2 b5
9. Bd3 $6 $146 b4 10. Nd1 (10. Na4 $6 c4 11. Be2 c3 $1 12. bxc3 $6 Qa5 $19)
10... Qb6 $1 (10... c4 11. Be2 c3 12. bxc3 bxc3 13. Nxc3 Bb4 14. Rb1 Qa5 15.
Rb3 $13) 11. Qf2 cxd4 12. Nxd4 Bc5 $15 {>< Nd1; von e2 könnte der N auf das
Idealfeld d4} 13. Nxc6 Qxc6 14. O-O Bb7 15. Qg3 f5 $1 16. Bxc5 (16. Qxg7 $6
O-O-O $40) 16... Nxc5 17. a3 Ne4 $6 (17... b3) 18. Bxe4 (18. Qxg7 $6 O-O-O $40)
18... fxe4 19. axb4 d4 (19... O-O 20. c3 $13) 20. c3 $1 e3 {/\ e2} (20... Qb6
$6 21. cxd4 $1 (21. Qxg7 d3+ $1 (21... O-O-O $5 22. cxd4 Rhg8 23. Qxh7 Qxd4+
24. Kh1 e3 $40) 22. Kh1 O-O-O 23. Qg3 (23. Ra5 $6 e3 24. Rc5+ Qxc5 $1 25. bxc5
e2 26. Re1 Rhg8 $19) 23... Rhg8 24. Qe3 Qxe3 25. Nxe3 d2 $1 $17 {/\ 26...Rd3})
21... Qxd4+ (21... O-O-O 22. Qc3+ Kb8 23. Qc5 $1 Ka7 24. Nc3 $1 $18) 22. Ne3
O-O 23. Rad1 Qxb4 24. Rd7 Rf7 25. Rxf7 Kxf7 26. f5 $16) (20... d3 $6 21. Ne3
$16) (20... dxc3 21. Qxc3 O-O $13) 21. Re1 O-O 22. cxd4 Rxf4 $1 23. Nxe3 Rxd4
$10 24. Rac1 Qb6 25. Kh1 Rad8 26. Qg5 Qxb4 27. Rf1 R8d7 28. h3 Qe7 29. Qxe7
Rxe7 30. Rfd1 Re4 31. Nc4 h5 32. Re1 Rxe1+ 33. Rxe1 Rc7 34. b3 Bd5 35. Ra1 Rc6
36. Kg1 Kf7 37. Kf2 Kg6 38. Ke3 Bxc4 39. bxc4 Rxc4 40. Rxa6 Kf5 41. g3 g5 42.
Ra3 Re4+ 43. Kf3 g4+ 44. hxg4+ hxg4+ 45. Kf2 Rxe5 46. Ra8 Re4 47. Ra5+ e5 48.
Ra8 Rb4 49. Rg8 Rb3 50. Rg7 Rb2+ 51. Kg1 Ra2 52. Rg8 Ke4 53. Rg5 Rb2 54. Rxg4+
Kf3 55. Rg8 e4 56. Rf8+ Kxg3 57. Kf1 1/2-1/2

[Event "Hoogovens-B"]
[Site "Wijk aan Zee"]
[Date "1996.01.28"]
[Round "11"]
[White "Nijboer, Friso"]
[Black "Kuijf, Marinus"]
[Result "1-0"]
[WhiteElo "2475"]
[BlackElo "2470"]
[Annotator "Knaak,R"]
[PlyCount "97"]
[EventDate "1996.01.16"]
[EventType "tourn"]
[EventRounds "11"]
[EventCountry "NED"]
[EventCategory "10"]
[SourceTitle "CBM 052"]
[Source "ChessBase"]
[SourceDate "1996.06.01"]
[SourceVersion "1"]
[SourceVersionDate "1996.06.01"]
[SourceQuality "1"]

1. e4 e6 2. d4 d5 3. Nc3 Nf6 4. e5 Nfd7 5. f4 c5 6. Nf3 Nc6 7. Be3 cxd4 8. Nxd4
Qb6 9. Qd2 Qxb2 10. Rb1 Qa3 11. Bb5 Nxd4 12. Bxd4 Bb4 13. Rb3 Qa5 14. a3 Be7
15. f5 exf5 16. Nxd5 Bh4+ 17. Ke2 (17. Kd1 Qd8 $2 18. Nf6+ $3 gxf6 19. exf6 O-O
20. Rg3+ $1 Kh8 21. Qh6 Rg8 22. Rg7 Nf8 {1-0 De Firmian,N-Huebner,R/Polanica
Zdroj (07) ;CBM 49 1995}) 17... Qxd2+ 18. Kxd2 Bd8 19. Rg3 (19. Rc3 $6 a6 20.
Bd3 Nf8 21. Bb6 Be6 22. Nc7+ Bxc7 23. Bxc7 g6 24. g4 Bd5 25. Rg1 f4 $17 {
0-1 Sahu,S-Singh,G/Calcutta op (06) ;EXP 50 1996 (45)}) 19... a6 20. Bxd7+ Bxd7
21. Rxg7 Be6 {= (de Firmian)} 22. Nf4 Be7 23. g4 $2 (23. a4 $10) 23... fxg4 $2
(23... Kf8 $1 24. gxf5 (24. Nh5 $2 fxg4 $19) (24. Nxe6+ $2 fxe6 25. gxf5 Kxg7
26. f6+ Kf7 27. fxe7 Kxe7 $19) 24... Kxg7 25. fxe6 (25. Rg1+ Kh6 $5 (25... Kf8
26. fxe6 Rg8 27. Rf1 $17) 26. fxe6 Bg5 27. Be3 {- B)}) 25... Bg5 (25... Rhd8
26. Ke3 Bxa3 27. Rg1+ Kf8 28. Rf1 Ke7 29. exf7 Kxf7 30. Nd5+ Kg6 31. Rg1+ Kf5
32. Rf1+ $10) 26. Rg1 Kh6 27. Be3 fxe6 28. Nxe6 Bxe3+ 29. Kxe3 Rhg8 $1 (29...
Rae8 30. Ng7 Rxe5+ 31. Kf4 $10) 30. Rxg8 Rxg8 $17) (23... O-O-O 24. Nxe6 fxe6
25. Rxe7 Rxd4+ 26. Kc3 Rxg4 27. Rxe6 $10) (23... Rd8 24. Ke3 Kf8 25. gxf5 Kxg7
26. fxe6) 24. Nxe6 fxe6 25. Rf1 {Weiß steht nicht besser, hat aber die
Initiative.} Rd8 26. Ke3 Rd7 (26... h5 27. a4 $1 (27. Rff7 Bf8 28. Rh7 Rxh7 29.
Rxh7 Bxa3) (27. Rg6 Rf8)) (26... b5 27. Rff7 Rd7 28. Ke4 Rf8 29. Rxe7+ (29.
Rxf8+ Kxf8 30. Rxh7) 29... Rxe7 30. Rxe7+ Kxe7 31. Bc5+ Kf7 32. Bxf8 Kxf8 33.
Kf4 $10) 27. a4 $1 {>< Pb7} Rc7 28. Kd3 Bd8 29. Rxc7 Bxc7 30. Rb1 b5 $6 (30...
b6 31. Ke4 (31. Bxb6 Bxe5) 31... O-O 32. Bxb6 Bxb6 33. Rxb6 Rf2 34. Rxe6 Rxh2
$10) 31. axb5 axb5 32. Rxb5 $14 Kd7 33. Rb7 Kc6 34. Ra7 h5 35. Ra6+ Kd7 (35...
Kd5 36. c4#) 36. c4 Rc8 (36... h4 37. c5 g3 38. c6+ Ke7 39. hxg3 h3 40. Ra7)
37. c5 Bb8 38. Kc4 h4 39. Kb5 Bc7 40. c6+ Ke7 41. Bc5+ Kf7 42. Bd6 Kg6 43. Bxc7
Rxc7 44. Kb6 Rc8 45. c7 Kf5 46. Ra4 Rg8 47. Rd4 g3 48. hxg3 hxg3 49. Rd8 1-0

[Event "Altensteig"]
[Site "Altensteig"]
[Date "1991.??.??"]
[Round "2"]
[White "Blatny, Pavel"]
[Black "Luther, Thomas"]
[Result "0-1"]
[WhiteElo "2480"]
[BlackElo "2495"]
[Annotator "Knaak,R"]
[PlyCount "84"]
[EventDate "1991.07.??"]
[EventType "tourn"]
[EventRounds "11"]
[EventCountry "GER"]
[EventCategory "11"]
[SourceTitle "CBM 025"]
[Source "ChessBase"]
[SourceDate "1991.12.01"]
[SourceVersion "1"]
[SourceVersionDate "1991.12.01"]
[SourceQuality "1"]

1. e4 e6 2. d4 d5 3. Nc3 Nf6 4. e5 Nfd7 5. f4 c5 6. Nf3 Nc6 7. Be3 cxd4 8. Nxd4
Bc5 9. Qd2 O-O 10. O-O-O a6 11. g4 $6 Bxd4 12. Bxd4 b5 13. g5 $2 {>< f5 13.
Kb1= Bareev, Fedorov} b4 14. Ne2 (14. Na4 a5 15. Be3 Qc7 16. Rg1 Ne7 17. Bb5
Rb8 18. Qe2 Bb7 19. Bd3 $2 (19. Ba7 Ra8 20. Bxd7 Rxa7 21. Bb5 Bc6 22. Bxc6 Qxc6
23. b3 $15 {Bareev, Fedorov}) 19... Rfc8 $17 {Hodgson-Bareev/Soci/1987/i44/345}
) 14... a5 $15 15. Ng3 Ba6 16. Nh5 Qc7 17. Bxa6 Rxa6 18. Qg2 Kh8 19. Rhg1 Rc8
20. Kb1 a4 21. Nf6 $2 Nxd4 22. Rxd4 Rc6 23. Rd2 b3 24. c3 (24. Rc1 bxc2+ 25.
Rdxc2 Rxc2 26. Rxc2 Qxc2+ 27. Qxc2 Rxc2 28. Kxc2 gxf6 $19) (24. axb3 axb3 25.
c3 Ra8 $19) 24... bxa2+ 25. Kxa2 a3 $1 26. b3 (26. Kxa3 Rxc3+ $1 27. bxc3 Qxc3+
28. Ka2 Ra8+ 29. Kb1 Ra1#) 26... Rxc3 $19 27. Nxd7 Qxd7 28. Qe2 d4 29. Rg3 Qd5
30. Qd1 Rc1 31. Qe2 R1c3 32. Rxc3 Rxc3 33. Qd1 d3 34. Kxa3 g6 35. h4 Qd4 36.
Ka2 Rc7 37. Kb1 Rc3 38. Ka2 Kg7 39. Qf1 Qa7+ 40. Kb2 Qd4 41. Ka2 Qb4 42. Qd1
Rxb3 0-1

[Event "Salamanca"]
[Site "Salamanca"]
[Date "1991.??.??"]
[Round "3"]
[White "Martin Gonzalez, Angel"]
[Black "Hoffman, Alejandro"]
[Result "0-1"]
[WhiteElo "2445"]
[BlackElo "2415"]
[Annotator "Knaak,R"]
[PlyCount "64"]
[EventDate "1991.04.??"]
[EventType "tourn"]
[EventRounds "11"]
[EventCountry "ESP"]
[EventCategory "10"]
[SourceTitle "CBM 023"]
[Source "ChessBase"]
[SourceDate "1991.08.01"]
[SourceVersion "1"]
[SourceVersionDate "1991.08.01"]
[SourceQuality "1"]

1. e4 e6 2. d4 d5 3. Nc3 Nf6 4. e5 Nfd7 5. f4 c5 6. Nf3 Nc6 7. Be3 cxd4 8. Nxd4
Bc5 9. Qd2 O-O 10. O-O-O a6 11. h4 Bxd4 12. Bxd4 b5 13. Qe3 $6 {13.Bg1!?
Vasiukov-G.Dizdar/Voskresensk/1990/in CBM 19 besprochen} b4 14. Ne2 (14. Na4
Nxd4 15. Qxd4 Qa5 16. b3 Bb7 17. Kb1 Rfc8 $15) 14... Qe7 15. h5 a5 16. Rh3 Ba6
17. Rg3 $6 {><f4} Bxe2 $1 18. Qxe2 $6 Nxd4 19. Rxd4 f6 $1 20. Qe1 (20. exf6
Qxf6 21. Qd2 Nc5 $19) 20... fxe5 21. fxe5 Nxe5 $19 22. h6 g6 23. Bb5 Qf6 24.
Rd2 Qf4 (24... Nf7 $1) 25. Re3 Nc4 26. Bxc4 Qxc4 $2 (26... dxc4 $1) 27. b3 $1
Qf4 (27... Qa6 28. Rde2 $1 $10) (27... Qb5 $5) 28. Rxe6 $10 Qxh6 29. Re7 Ra6
30. Qe5 Raf6 31. Qxd5+ Kh8 32. Qxa5 $4 (32. Qe5 $10) 32... Rf1+ 0-1